| 000 | 03083nam a22003257a 4500 | ||
|---|---|---|---|
| 001 | TICS 001 | ||
| 003 | gtcocun | ||
| 005 | 20251003144720.0 | ||
| 006 | a||||gr|||| 00| 0 | ||
| 007 | ta | ||
| 008 | 251003b2022 gt ||||| m||| 00| 0 eng d | ||
| 040 |
_agtcocun _bSPA _cgtcocun _eRDA |
||
| 041 | _aSPA TICS 001 | ||
| 084 | _0TICS 001 | ||
| 100 |
_aIbañez Godoy, Andrea de Jesús _eAutor |
||
| 245 |
_aFACTIBILIDAD DE IMPLEMENTACIÓN DE SOLUCIONES BASADAS EN LA NUBE EN LAS EMPRESAS SEGÚN LAS CONDICIONES DEMOGRÁFICAS DE ALTA VERAPAZ/ _cAndrea de Jesús Ibañez Godoy. _hImpreso |
||
| 264 |
_aCobán, Alta Verapaz: _bUniversidad de San Carlos de Guatemala, Centro Universitario del Norte, Carrera Ingeniería en Ciencias y Sistemas _c2022 |
||
| 300 |
_a124 .: _bIlustraciones, gráficas. _c28 cm; |
||
| 336 |
_2rdacontenido _aTexto _btxt |
||
| 337 |
_2rdamedio _aComputadora _bn |
||
| 338 |
_2rdasoporte _aCódigo en línea _bcr |
||
| 502 | _eTICS 001 | ||
| 502 |
_aTesis de grado _bCarrera Ingeniería en Ciencias y Sistemas, _cUniversidad de San Carlos de Guatemala, Centro Universitario del Norte, Carrera Ingeniería en Ciencias y Sistemas _d2022 _oTICS 001 |
||
| 520 | 1 | 4 | _aEn la presente investigación, se recopiló información de empresas altaverapacenses para determinar la factibilidad de implementar servicios en la nube en las organizaciones como una alternativa a utilizar tecnologías on -premise. A través de una encuesta, se capturaron datos sobre la situación actual y la postura de las organizaciones respecto a estas tecnologías a través de los encargados de brindar soporte o en su defecto de los propietarios de la empresa. Se determinaron las condiciones por las que la nube es una opción viable para implementar tecnologías en las empresas de Alta Verapaz dadas las condiciones demográficas actuales de las que dependen las organizaciones, al ser clasificadas de acuerdo con su tamaño: microempresas, pequeñas empresas, medianas empresas y grandes empresas. A través del análisis de los resultados obtenidos, se determinó que la nube es una opción que puede brindar oportunidad de integrar tecnologías en organizaciones que no cuentan con ellas gracias a sus modelos bajo demanda y elasticidad; mientras que para las empresas que ya cuentan con estos insumos dentro de sus organizaciones, es una alternativa que ofrece escalabilidad en el momento en el que las propias tecnologías necesiten ser ampliadas. Todo ello con la característica de la descentralización de tecnologías, que permite un sinfín de posibilidades que permiten a las empresas amortiguar el impacto de los desafíos a los que se deban enfrentar. |
| 650 |
_2LEMB _xIngeniería en Ciencias y sistemas _xNube _xTecnologías _xEmpresas _xFactibilidad _xAdaptabilidad _xEscalabilidad |
||
| 700 |
_aIng. CCSS. German Aníbal Gil Laroj _eAsesor |
||
| 856 |
_uhttps://drive.google.com/file/d/1BWOt63D2DqY6Xz7ENHarxKmJuUJMn5zv/view _yPDF _zUn ejemplar en línea. |
||
| 942 |
_2ddc _cTES _iTICS 001 _kClasificación _n0 _6TICS_001_000000000000000 |
||
| 999 |
_c2208 _d2208 |
||